[Event "3rd 4NCL Easter Congress"]
[Site "Mercure Daventry Court Hotel"]
[Date "2023.04.08"]
[Round "2"]
[Board "25"]
[White "Boggarapu, Kritan"]
[Black "Mikalajunas, Kajus"]
[Result "0-1"]
[WhiteElo "1972"]
[BlackElo "1806"]
[PlyCount "48"]
[EventDate "2023.04.07"]
[EventRounds "7"]
[EventCountry "ENG"]

1. e4 d5 2. exd5 Nf6 3. d4 Bg4 4. Be2 Bxe2 5. Nxe2 Qxd5 6. O-O Nc6 7. b3 O-O-O 8.
c4 Qh5 9. Bb2 Nxd4 10. Nxd4 Qxd1 11. Rxd1 e5 12. Nc3 exd4 13. Nb5 d3 14. Nxa7+ Kb8
15. Nb5 Bc5 16. Nc3 Rhe8 17. Na4 Ba7 18. Bxf6 gxf6 19. Kf1 Bd4 20. Rab1 Re2 21. Rxd3
Rxf2+ 22. Ke1 Rxg2 23. Rbd1 Re8+ 24. Kf1 Rg1#  0-1

[Event "3rd 4NCL Easter Congress"]
[Site "Mercure Daventry Court Hotel"]
[Date "2023.04.08"]
[Round "2"]
[Board "26"]
[White "Ackley, Peter JE"]
[Black "Gibson, Christopher A"]
[Result "1/2-1/2"]
[WhiteElo "1931"]
[BlackElo "1841"]
[PlyCount "165"]
[EventDate "2023.04.07"]
[EventRounds "7"]
[EventCountry "ENG"]

1. Nf3 c5 2. g3 g6 3. Bg2 Bg7 4. O-O Nc6 5. c4 e5 6. Nc3 d6 7. a3 a5 8. Ne1 Be6 9.
d3 Nge7 10. Nc2 d5 11. cxd5 Nxd5 12. Ne3 Nb6 13. Na4 Nxa4 14. Bxc6+ bxc6 15. Qxa4
Qc7 16. Nc4 O-O 17. Be3 Qe7 18. Rac1 Rfb8 19. Qxc6 Rc8 20. Qd6 Qb7 21. Qb6 Qd5 22.
Qd6 Qb7 23. Qb6 Qd5 24. f3 Bf8 25. Qb3 Rab8 26. Qc3 a4 27. Rc2 Bg7 28. Rfc1 Qc6 29.
Qd2 Qd7 30. Na5 Bf8 31. Nc4 Bg7 32. Qe1 Rb5 33. Qf2 Qd5 34. Kg2 Rcb8 35. Bd2 Qd7
36. Bc3 Bxc4 37. dxc4 R5b6 38. Rd2 Rd6 39. Rcd1 Rxd2 40. Rxd2 Qe6 41. Rd5 e4 42.
Bxg7 exf3+ 43. Qxf3 Kxg7 44. Qc3+ Kg8 45. Qd3 Rb3 46. Qd2 Qe4+ 47. Kf2 Qxc4 48. Rd8+
Kg7 49. Qd6 Qd4+ 50. Qxd4+ cxd4 51. Rxd4 Rxb2 52. Rxa4 Ra2 53. Ra8 h5 54. h4 Kf6
55. Kf3 Ke6 56. a4 Ra3+ 57. Kf4 Kf6 58. Ra6+ Ke7 59. Ra7+ Ke6 60. Ra6+ Ke7 61. e4
Kf8 62. Ra7 Kg7 63. a5 Kf6 64. Ra6+ Kg7 65. Ra8 Kf6 66. a6 Kg7 67. a7 Ra5 68. Ke3
Ra3+ 69. Kd4 Ra4+ 70. Kc5 Ra1 71. e5 Rc1+ 72. Kd6 Rd1+ 73. Ke7 Ra1 74. e6 fxe6 75.
Kxe6 Re1+ 76. Kd5 Rd1+ 77. Ke4 Re1+ 78. Kf3 Rf1+ 79. Kg2 Ra1 80. Kf2 Ra3 81. Ke2
Ra2+ 82. Kd3 Ra1 83. Kc4  1/2-1/2

[Event "3rd 4NCL Easter Congress"]
[Site "Mercure Daventry Court Hotel"]
[Date "2023.04.08"]
[Round "2"]
[Board "27"]
[White "Ali, Golam S"]
[Black "Verma, Shlok"]
[Result "0-1"]
[WhiteElo "1781"]
[BlackElo "1950"]
[PlyCount "57"]
[EventDate "2023.04.07"]
[EventRounds "7"]
[EventCountry "ENG"]

1. d4 d5 2. c4 dxc4 3. Nc3 Nf6 4. Nf3 e6 5. Bg5 Be7 6. e3 O-O 7. Bxc4 a6 8. O-O b5
9. Bd3 Bb7 10. a3 Nbd7 11. Rc1 c5 12. Bb1 Rc8 13. Ne5 Nxe5 14. dxe5 Nd5 15. Qc2 g6
16. Bh6 Re8 17. Ne4 Nb6 18. Nd6 Bxd6 19. Rcd1 Qh4 20. exd6 Qxh6 21. d7 Nxd7 22. Rxd7
Bc6 23. Rd6 Qg5 24. f4 Qe7 25. Rd2 Red8 26. Rdf2 Bd5 27. Qc3 b4 28. Qe5 f6 29. Qc3
 0-1

[Event "3rd 4NCL Easter Congress"]
[Site "Mercure Daventry Court Hotel"]
[Date "2023.04.08"]
[Round "2"]
[Board "28"]
[White "Kay, Lee P"]
[Black "Pyda, Arjun"]
[Result "1/2-1/2"]
[WhiteElo "1923"]
[BlackElo "1692"]
[PlyCount "96"]
[EventDate "2023.04.07"]
[EventRounds "7"]
[EventCountry "ENG"]

1. d4 Nf6 2. Nc3 d5 3. Bf4 c6 4. e3 Bf5 5. f3 h6 6. g4 Bg6 7. Bd3 Bxd3 8. Qxd3 e6
9. Nge2 Bd6 10. O-O-O Qc7 11. Bxd6 Qxd6 12. e4 Qc7 13. h4 Nbd7 14. g5 Ng8 15. f4
O-O-O 16. Kb1 Ne7 17. exd5 Nxd5 18. Nxd5 cxd5 19. Rdg1 hxg5 20. hxg5 g6 21. Qf3 Nb6
22. b3 Kb8 23. Kb2 Nc8 24. Rxh8 Rxh8 25. Rh1 Qd8 26. Ng3 Nd6 27. Qe3 Rxh1 28. Nxh1
Qh8 29. Nf2 Nf5 30. Qe5+ Qxe5 31. dxe5 Kc7 32. Kc3 Ng3 33. Kd4 Ne2+ 34. Ke3 Ng3 35.
Ng4 Nf5+ 36. Kd3 Kd7 37. Nh6 Ke7 38. Nxf5+ gxf5 39. Kd4 Kd7 40. a4 Kc6 41. b4 Kd7
42. Kc5 Kc7 43. a5 Kd7 44. b5 Kc7 45. b6+ axb6+ 46. axb6+ Kd7 47. Kb5 Ke7 48. Kc5
Kd7  1/2-1/2

[Event "3rd 4NCL Easter Congress"]
[Site "Mercure Daventry Court Hotel"]
[Date "2023.04.08"]
[Round "2"]
[Board "29"]
[White "Gibbon, Eric"]
[Black "Ireland, David J"]
[Result "0-1"]
[WhiteElo "1847"]
[BlackElo "1932"]
[PlyCount "62"]
[EventDate "2023.04.07"]
[EventRounds "7"]
[EventCountry "ENG"]

1. d4 Nf6 2. Nc3 d5 3. Bf4 a6 4. e3 Bf5 5. f3 e6 6. g4 Bg6 7. h4 h5 8. g5 Ng8 9.
Bd3 Bd6 10. Bxg6 fxg6 11. Qd3 Ne7 12. Nge2 O-O 13. O-O-O Nbc6 14. Bxd6 Qxd6 15. f4
Na5 16. b3 b5 17. e4 Qa3+ 18. Kd2 Qd6 19. e5 Qb6 20. Ke3 c5 21. Kf3 Rac8 22. Nb1
Nf5 23. c3 Nc6 24. Ng3 cxd4 25. Nxf5 Rxf5 26. cxd4 Rcf8 27. Qe3 Rxf4+ 28. Qxf4 Rxf4+
29. Kxf4 Nxd4 30. Rh2 Nf5 31. Rd3 Qg1  0-1

[Event "3rd 4NCL Easter Congress"]
[Site "Mercure Daventry Court Hotel"]
[Date "2023.04.08"]
[Round "3"]
[Board "1"]
[White "Valdepenas Octavio, Javier"]
[Black "Arkell, Keith C"]
[Result "1/2-1/2"]
[WhiteElo "2210"]
[BlackElo "2392"]
[PlyCount "97"]
[EventDate "2023.04.07"]
[EventRounds "7"]
[EventCountry "ENG"]

1. e4 c6 2. d4 d5 3. e5 c5 4. dxc5 Nc6 5. Nf3 Bg4 6. c3 Bxf3 7. Qxf3 e6 8. Be3 a6
9. Qf4 Nge7 10. Bd3 Ng6 11. Bxg6 hxg6 12. Nd2 g5 13. Qg3 g4 14. Nb3 Qh4 15. Qf4 g6
16. Qa4 g3 17. Qxh4 Rxh4 18. f4 g5 19. O-O gxh2+ 20. Kh1 gxf4 21. Bxf4 Bg7 22. Rae1
Rh5 23. g4 Rh4 24. g5 Ne7 25. Nc1 Ng6 26. Nd3 Ke7 27. Re3 Rah8 28. Ref3 Rg4 29. Be3
Rf8 30. c6 bxc6 31. Bc5+ Ke8 32. Bxf8 Bxf8 33. Rxf7 Rxg5 34. Rc7 Rg3 35. Nf4 Rg1+
36. Kxh2 Rxf1 37. Nxg6 Bh6 38. Re7+ Kd8 39. Rxe6 Rf2+ 40. Kg3 Rxb2 41. Rxc6 Rxa2
42. e6 Re2 43. e7+ Kd7 44. Rxa6 Bg5 45. Ra7+ Kd6 46. Kg4 Bxe7 47. Rxe7 Rxe7 48. Nxe7
Kxe7 49. Kf5  1/2-1/2

[Event "3rd 4NCL Easter Congress"]
[Site "Mercure Daventry Court Hotel"]
[Date "2023.04.08"]
[Round "3"]
[Board "2"]
[White "Hebden, Mark L"]
[Black "Dignam, Matthew P"]
[Result "1-0"]
[WhiteElo "2430"]
[BlackElo "2057"]
[PlyCount "87"]
[EventDate "2023.04.07"]
[EventRounds "7"]
[EventCountry "ENG"]

1. d4 d5 2. Nf3 e6 3. c4 Nf6 4. e3 c5 5. cxd5 exd5 6. Bb5+ Bd7 7. Bxd7+ Nbxd7 8.
dxc5 Bxc5 9. O-O O-O 10. Nc3 Nb6 11. b3 Qd7 12. Bb2 Rfe8 13. Ne2 Ne4 14. Bd4 Bxd4
15. Qxd4 Rac8 16. a4 Rc2 17. Qd3 Rec8 18. a5 Na8 19. Nf4 Nf6 20. Nd4 R2c3 21. Qf5
Qxf5 22. Nxf5 Kf8 23. Nd4 Nc7 24. Rfd1 g6 25. b4 a6 26. Rab1 Rd8 27. Rbc1 Rxc1 28.
Rxc1 Rd7 29. f3 Ke7 30. Nd3 Nce8 31. g4 h6 32. h4 Kd6 33. g5 hxg5 34. hxg5 Nh7 35.
f4 Re7 36. Kf2 f6 37. f5 Nxg5 38. fxg6 Ng7 39. Rc8 Ne4+ 40. Kg2 Ng5 41. Rd8+ Kc7
42. Rg8 b6 43. Nf4 Rd7 44. Rxg7  1-0

[Event "3rd 4NCL Easter Congress"]
[Site "Mercure Daventry Court Hotel"]
[Date "2023.04.08"]
[Round "3"]
[Board "3"]
[White "Khoury, Theo"]
[Black "Davies, Nigel R"]
[Result "1/2-1/2"]
[WhiteElo "2020"]
[BlackElo "2381"]
[PlyCount "44"]
[EventDate "2023.04.07"]
[EventRounds "7"]
[EventCountry "ENG"]

1. e4 d5 2. exd5 Qxd5 3. Nc3 Qa5 4. d4 Nf6 5. Nf3 Bf5 6. Ne5 c6 7. Bc4 e6 8. g4 Bg6
9. h4 Be4 10. O-O Bd5 11. Nxd5 cxd5 12. Bd3 Nc6 13. Nxc6 bxc6 14. g5 Nd7 15. Bf4
Be7 16. c3 Bd8 17. a4 Bc7 18. b4 Qb6 19. a5 Qb8 20. Bxc7 Qxc7 21. f4 Qd6 22. h5 h6
 1/2-1/2

[Event "3rd 4NCL Easter Congress"]
[Site "Mercure Daventry Court Hotel"]
[Date "2023.04.08"]
[Round "3"]
[Board "4"]
[White "Turner, Max N"]
[Black "Shearsby, Jude"]
[Result "0-1"]
[WhiteElo "2264"]
[BlackElo "2041"]
[PlyCount "112"]
[EventDate "2023.04.07"]
[EventRounds "7"]
[EventCountry "ENG"]

1. d4 Nf6 2. c4 g6 3. g3 Bg7 4. Bg2 O-O 5. Nc3 d6 6. Nf3 c5 7. O-O Nc6 8. dxc5 dxc5
9. Be3 Qa5 10. Qa4 Nd7 11. Qxa5 Nxa5 12. Nd2 Rb8 13. Rac1 b6 14. Nd5 Nc6 15. b3 Bb7
16. Rfd1 Nde5 17. h3 e6 18. Nc3 Rfd8 19. f4 Nd7 20. Bf2 Nd4 21. e3 Bxg2 22. Kxg2
Nc6 23. e4 Bd4 24. e5 f6 25. exf6 Nxf6 26. Nce4 Nxe4 27. Nxe4 Bxf2 28. Nxf2 Rd4 29.
Rxd4 Nxd4 30. Re1 a5 31. Ne4 a4 32. bxa4 Ra8 33. Nc3 Kf7 34. Rb1 Ra6 35. h4 Nf5 36.
Ne4 Ne3+ 37. Kh3 Nxc4 38. Ng5+ Ke7 39. Re1 Rxa4 40. Rxe6+ Kd7 41. Re2 h5 42. Nf7
b5 43. Kg2 Ra6 44. Kf2 Re6 45. Rc2 Rf6 46. Ng5 Kc6 47. Ke2 Nd6 48. Nf3 Nf5 49. Ne5+
Kd5 50. Rc3 c4 51. a4 bxa4 52. Rxc4 Ra6 53. Rc1 a3 54. Kd2 Nd4 55. Nd3 Ra4 56. Rc5+
Kd6  0-1

[Event "3rd 4NCL Easter Congress"]
[Site "Mercure Daventry Court Hotel"]
[Date "2023.04.08"]
[Round "3"]
[Board "5"]
[White "Isik, Muhammed Oguz"]
[Black "Okhai, Shabir"]
[Result "0-1"]
[WhiteElo "1683"]
[BlackElo "2127"]
[PlyCount "162"]
[EventDate "2023.04.07"]
[EventRounds "7"]
[EventCountry "ENG"]

1. d4 Nf6 2. c4 e6 3. Nf3 c5 4. d5 d6 5. Nc3 exd5 6. cxd5 g6 7. Nd2 Bg7 8. e4 O-O
9. Be2 Na6 10. O-O Nc7 11. a4 Re8 12. f3 b6 13. Nc4 Ba6 14. Bf4 Bxc4 15. Bxc4 Nh5
16. Bd2 a6 17. Qe1 Rb8 18. g4 Bd4+ 19. Kh1 Ng7 20. Qg3 b5 21. axb5 axb5 22. Be2 b4
23. Nd1 Nxd5 24. Bc4 Nb6 25. Bb5 Re7 26. Bf4 Be5 27. Ne3 Bxf4 28. Qxf4 Ne6 29. Qg3
Nd4 30. Bc4 Rd7 31. Bd5 Ne2 32. Qf2 Nf4 33. Qd2 Qf6 34. b3 Qc3 35. Qxc3 bxc3 36.
Bc6 Rc7 37. Bb5 Nd7 38. Bc4 Ne5 39. Nd5 Nxd5 40. Bxd5 c4 41. Bxc4 Nxc4 42. bxc4 Rxc4
43. Kg2 Rb2+ 44. Rf2 g5 45. Rc1 Kg7 46. Rcc2 Rxc2 47. Rxc2 Kf6 48. Kf2 Ke5 49. Ke3
Rc5 50. Kd3 Kf4 51. Ke2 Rc7 52. Kf2 Rc8 53. Ke2 Rc6 54. Kf2 Rc4 55. Ke2 Rc5 56. Kf2
Rc7 57. Ke2 Rc8 58. Kf2 h6 59. Ke2 Rc5 60. Kf2 Rc6 61. Ke2 Rc7 62. Kf2 Rc5 63. Ke2
Rc6 64. Kf2 Rc8 65. Ke2 h5 66. gxh5 Rh8 67. Kf2 Rxh5 68. Kg2 g4 69. Rxc3 Rh3 70.
Rc7 Rxf3 71. Rxf7+ Kxe4 72. Re7+ Kd3 73. h4 d5 74. Ra7 d4 75. h5 Rh3 76. Ra3+ Ke2
77. Ra2+ Ke3 78. Kf1 d3 79. Rg2 Rh1+ 80. Rg1 Rxg1+ 81. Kxg1 d2  0-1

[Event "3rd 4NCL Easter Congress"]
[Site "Mercure Daventry Court Hotel"]
[Date "2023.04.08"]
[Round "3"]
[Board "6"]
[White "Verma, Aditya"]
[Black "Pal, Rohan"]
[Result "1-0"]
[WhiteElo "2149"]
[BlackElo "1849"]
[PlyCount "51"]
[EventDate "2023.04.07"]
[EventRounds "7"]
[EventCountry "ENG"]

1. e4 c5 2. Nf3 e6 3. d4 cxd4 4. Nxd4 Nf6 5. Nc3 Nc6 6. Ndb5 Bc5 7. Nd6+ Ke7 8. Bf4
e5 9. Nf5+ Kf8 10. Bg5 Bb4 11. Bxf6 Qxf6 12. Bc4 d5 13. Qxd5 Bxf5 14. exf5 Qxf5 15.
O-O Rd8 16. Qb5 Qc8 17. Rad1 Be7 18. Rxd8+ Bxd8 19. Qd5 Qc7 20. Nb5 Qe7 21. Nd6 Qe6
22. Nxf7 Qxd5 23. Bxd5 Rg8 24. Nxd8 Nxd8 25. Bxg8 Kxg8 26. Rd1  1-0

[Event "3rd 4NCL Easter Congress"]
[Site "Mercure Daventry Court Hotel"]
[Date "2023.04.08"]
[Round "3"]
[Board "7"]
[White "Walker, Martin G"]
[Black "Villiers, Thomas"]
[Result "0-1"]
[WhiteElo "2083"]
[BlackElo "2160"]
[PlyCount "166"]
[EventDate "2023.04.07"]
[EventRounds "7"]
[EventCountry "ENG"]

1. e4 e5 2. Nf3 Nf6 3. Nxe5 d6 4. Nf3 Nxe4 5. Nc3 Nxc3 6. dxc3 Be7 7. Bf4 O-O 8.
Qd2 Bf5 9. O-O-O Nc6 10. h4 a5 11. Bd3 Qd7 12. Rdg1 Rfb8 13. g4 Bxg4 14. Ng5 Bf5
15. Rg3 Ne5 16. Bxe5 dxe5 17. Rhg1 Bf6 18. Bxf5 Qxf5 19. Qd5 Bxg5+ 20. Rxg5 Qf4+
21. Qd2 g6 22. Qxf4 exf4 23. Rf5 Re8 24. Rxf4 Re5 25. Rd1 Rae8 26. b4 Re4 27. Rd4
Rxf4 28. Rxf4 Re5 29. a4 h5 30. Kd2 Kg7 31. Rd4 g5 32. f4 gxf4 33. Rxf4 f5 34. Kd3
Kf6 35. Rc4 c6 36. bxa5 Rxa5 37. Rb4 Rd5+ 38. Ke3 Rd7 39. a5 Ke5 40. Ra4 Rg7 41.
a6 bxa6 42. Ra5+ Ke6 43. Rxa6 Rg3+ 44. Kd2 Rg4 45. Rxc6+ Kd5 46. Rh6 Rxh4 47. Ke3
Ke5 48. c4 Rh3+ 49. Kf2 Kf4 50. Kg2 Rh4 51. Rh8 Kg5 52. Rg8+ Kf6 53. Rh8 Kg7 54.
Rc8 Rg4+ 55. Kf3 h4 56. Rc7+ Kg6 57. Rc8 Kg7 58. Rc7+ Kf6 59. Rc6+ Kg5 60. Rc8 Rg3+
61. Kf2 Rc3 62. Rg8+ Kf4 63. Rh8 Rxc2+ 64. Kg1 Kg3 65. Rg8+ Kf3 66. Rc8 f4 67. c5
Rc1+ 68. Kh2 Kf2 69. Rc7 f3 70. Rc8 Ke2 71. Re8+ Kf1 72. Rf8 f2 73. Re8 Rxc5 74.
Re7 Rc1 75. Re8 Re1 76. Ra8 Ke2 77. Re8+ Kd3 78. Rd8+ Kc4 79. Rc8+ Kd5 80. Rc2 f1=Q
81. Rc5+ Kd4 82. Rd5+ Kc3 83. Rd2 Qh1#  0-1

[Event "3rd 4NCL Easter Congress"]
[Site "Mercure Daventry Court Hotel"]
[Date "2023.04.08"]
[Round "3"]
[Board "9"]
[White "Vijayakumar, Rishi"]
[Black "Burrows, Martin P"]
[Result "0-1"]
[WhiteElo "1846"]
[BlackElo "2121"]
[PlyCount "50"]
[EventDate "2023.04.07"]
[EventRounds "7"]
[EventCountry "ENG"]

1. d4 Nf6 2. c4 e6 3. Nf3 b6 4. g3 Ba6 5. b3 Bb4+ 6. Bd2 Be7 7. Bg2 O-O 8. O-O d5
9. cxd5 exd5 10. Nc3 Re8 11. Re1 Bb7 12. Qc2 Nbd7 13. Rad1 c5 14. Bf4 Rc8 15. h4
cxd4 16. Nxd4 Bb4 17. Bd2 Ne4 18. Bxe4 dxe4 19. Ndb5 a6 20. a3 Bc5 21. b4 Bxf2+ 22.
Kxf2 axb5 23. Bg5 Qc7 24. Bf4 e3+ 25. Kg1 Qc6  0-1

[Event "3rd 4NCL Easter Congress"]
[Site "Mercure Daventry Court Hotel"]
[Date "2023.04.08"]
[Round "3"]
[Board "10"]
[White "Dilley, Jason M"]
[Black "Verma, Shlok"]
[Result "1/2-1/2"]
[WhiteElo "2090"]
[BlackElo "1950"]
[PlyCount "75"]
[EventDate "2023.04.07"]
[EventRounds "7"]
[EventCountry "ENG"]

1. d4 d5 2. Bg5 Nf6 3. Bxf6 exf6 4. e3 Bd6 5. Bd3 c6 6. c3 Qe7 7. Qc2 g6 8. Nd2 Nd7
9. O-O-O Nb6 10. Re1 Be6 11. e4 O-O-O 12. Kb1 dxe4 13. Nxe4 f5 14. Nxd6+ Qxd6 15.
f3 Nd5 16. g3 f4 17. Ne2 fxg3 18. hxg3 h5 19. Qd2 Kb8 20. Rh4 Ne7 21. Qf4 Nf5 22.
Rh2 Rhe8 23. Qxd6+ Nxd6 24. Rf1 Nf5 25. Bxf5 Bxf5+ 26. Kc1 Re3 27. Nf4 Rde8 28. Kd2
a5 29. Re2 Rxe2+ 30. Nxe2 g5 31. Rh1 Bg6 32. Nc1 f6 33. Nd3 Kc7 34. f4 g4 35. f5
Bxf5 36. Rxh5 Be4 37. Nf4 f5 38. Rh7+  1/2-1/2

[Event "3rd 4NCL Easter Congress"]
[Site "Mercure Daventry Court Hotel"]
[Date "2023.04.08"]
[Round "3"]
[Board "11"]
[White "Ireland, David J"]
[Black "Chan, Sheng Liang Bernard"]
[Result "0-1"]
[WhiteElo "1932"]
[BlackElo "2043"]
[PlyCount "84"]
[EventDate "2023.04.07"]
[EventRounds "7"]
[EventCountry "ENG"]

1. e4 c5 2. Nc3 g6 3. f4 Bg7 4. Nf3 Nc6 5. Bb5 Nd4 6. O-O Nxb5 7. Nxb5 d5 8. e5 d4
9. a4 Nh6 10. c3 a6 11. Na3 Nf5 12. d3 O-O 13. Nc2 h5 14. c4 a5 15. Na3 Bd7 16. Nb5
Bc6 17. Qe2 f6 18. Bd2 Qd7 19. Rae1 Rfe8 20. Qf2 b6 21. Nh4 Nxh4 22. Qxh4 Bxb5 23.
axb5 Qg4 24. Qxg4 hxg4 25. exf6 exf6 26. f5 Kf7 27. Bf4 gxf5 28. Bc7 Re3 29. Bxb6
Rxd3 30. Rxf5 Rb3 31. Bxc5 d3 32. Bd4 Rc8 33. Ref1 Rxc4 34. Bxf6 Bxf6 35. Rxf6+ Ke7
36. Rc6 Rxc6 37. bxc6 Kd6 38. Rd1 Kxc6 39. Rd2 Kd5 40. Kf2 Ke4 41. Ke1 a4 42. Kd1
a3  0-1

[Event "3rd 4NCL Easter Congress"]
[Site "Mercure Daventry Court Hotel"]
[Date "2023.04.08"]
[Round "3"]
[Board "12"]
[White "Liu, Jason"]
[Black "Garcia-Ruiz, Aitor"]
[Result "1/2-1/2"]
[WhiteElo "1965"]
[BlackElo "2078"]
[PlyCount "62"]
[EventDate "2023.04.07"]
[EventRounds "7"]
[EventCountry "ENG"]

1. e4 c5 2. Nf3 Nc6 3. d4 cxd4 4. Nxd4 Nf6 5. Nc3 e5 6. Ndb5 d6 7. Bg5 a6 8. Na3
b5 9. Nd5 Be7 10. Bxf6 Bxf6 11. c3 O-O 12. Nc2 Bg5 13. a4 bxa4 14. Rxa4 a5 15. Bc4
Rb8 16. b3 Kh8 17. Nce3 Be6 18. O-O g6 19. Kh1 f5 20. exf5 gxf5 21. f4 Bh6 22. Qh5
Bg7 23. Nb4 Bd7 24. Nxc6 Bxc6 25. Raa1 Be4 26. fxe5 f4 27. Nd5 dxe5 28. Rad1 Bg6
29. Qg4 Bf5 30. Qh5 Bg6 31. Qg4 Bf5  1/2-1/2

[Event "3rd 4NCL Easter Congress"]
[Site "Mercure Daventry Court Hotel"]
[Date "2023.04.08"]
[Round "3"]
[Board "13"]
[White "Headlong, Georgia"]
[Black "McCumiskey, Andrew P"]
[Result "0-1"]
[WhiteElo "1694"]
[BlackElo "2001"]
[PlyCount "114"]
[EventDate "2023.04.07"]
[EventRounds "7"]
[EventCountry "ENG"]

1. e4 d6 2. d4 g6 3. Nc3 Bg7 4. Be3 a6 5. Qd2 b5 6. f3 Nd7 7. h4 h6 8. Nh3 Bb7 9.
Bd3 e5 10. dxe5 Nxe5 11. Nf2 Nf6 12. Ne2 Qd7 13. Ng3 Rd8 14. h5 d5 15. hxg6 fxg6
16. Bxh6 dxe4 17. Ngxe4 Bxe4 18. fxe4 Nfg4 19. Bxg7 Rxh1+ 20. Nxh1 Qxg7 21. O-O-O
Nc4 22. Qc3 Qxc3 23. bxc3 Nce3 24. Re1 Nxg2 25. Rg1 N4e3 26. Nf2 c5 27. Nh3 Kf7 28.
Be2 Rh8 29. Ng5+ Kf6 30. Nf3 Nf4 31. Bd3 c4 32. e5+ Ke7 33. Bxg6 Ne2+ 34. Kd2 Nxg1
35. Kxe3 Nxf3 36. Kxf3 Ke6 37. Be4 Kxe5 38. Bb7 Rh3+ 39. Ke2 Rh6 40. Kd2 Rb6 41.
Bc8 Kd6 42. Kc1 Kc5 43. a3 a5 44. Kb2 Rf6 45. Bb7 Rg6 46. Be4 Rg3 47. Bf5 b4 48.
cxb4+ axb4 49. axb4+ Kxb4 50. Be4 c3+ 51. Ka2 Rg7 52. Bd5 Ra7+ 53. Kb1 Ka3 54. Kc1
Rg7 55. Kd1 Kb2 56. Bb3 Rg2 57. Ba4 Rd2+  0-1

[Event "3rd 4NCL Easter Congress"]
[Site "Mercure Daventry Court Hotel"]
[Date "2023.04.08"]
[Round "3"]
[Board "14"]
[White "James, Russell A"]
[Black "Estevez Fernandez, Josue"]
[Result "1/2-1/2"]
[WhiteElo "2068"]
[BlackElo "1832"]
[PlyCount "28"]
[EventDate "2023.04.07"]
[EventRounds "7"]
[EventCountry "ENG"]

1. e4 c5 2. Nf3 d6 3. d4 cxd4 4. Nxd4 Nf6 5. Nc3 Nc6 6. Bg5 e6 7. Qd2 a6 8. O-O-O
Bd7 9. Kb1 Be7 10. f4 O-O 11. Nf3 Qc7 12. Bxf6 Bxf6 13. Qxd6 Qa5 14. e5 Be7  1/2-1/2

[Event "3rd 4NCL Easter Congress"]
[Site "Mercure Daventry Court Hotel"]
[Date "2023.04.08"]
[Round "3"]
[Board "15"]
[White "Baer, Bruce L"]
[Black "Subramanian, Anusha"]
[Result "1-0"]
[WhiteElo "1963"]
[BlackElo "1827"]
[PlyCount "131"]
[EventDate "2023.04.07"]
[EventRounds "7"]
[EventCountry "ENG"]

1. Nf3 d5 2. g3 Nf6 3. Bg2 e6 4. O-O Be7 5. d3 O-O 6. Nbd2 c5 7. e4 h6 8. e5 Nfd7
9. Re1 Nc6 10. h4 Qc7 11. Qe2 b5 12. g4 Nb4 13. Nf1 c4 14. d4 a5 15. Bh3 Ba6 16.
g5 hxg5 17. Bxg5 Bxg5 18. Nxg5 Rfe8 19. Ne3 Nc6 20. c3 Nf8 21. Kh1 Bb7 22. Ng4 Ng6
23. Rg1 Kf8 24. h5 Nf4 25. Qf3 Nxh3 26. Nxh3 Ke7 27. h6 gxh6 28. Qf6+ Kd7 29. Nxh6
Qd8 30. Nxf7 Qxf6 31. exf6 e5 32. Rg7 Ke6 33. dxe5 Nxe5 34. Nxe5 Kxe5 35. Rxb7 Kxf6
36. Rb6+ Kf5 37. Rxb5 Rh8 38. Kh2 Raf8 39. Re1 Kg4 40. Rg1+ Kf3 41. Rg3+ Ke2 42.
Kg2 Rf5 43. Rxa5 Kd2 44. b3 cxb3 45. axb3 Kc2 46. b4 Rc8 47. Rc5 Rb8 48. Rg5 Rxg5+
49. Nxg5 Rg8 50. f4 Kd3 51. Kf3 d4 52. cxd4 Kxd4 53. Ne6+ Kd3 54. f5 Rb8 55. b5 Rh8
56. Kf4 Rh4+ 57. Ke5 Re4+ 58. Kd5 Re1 59. Nf4+ Kd2 60. f6 Rf1 61. Rc4 Ke3 62. Re4+
Kf3 63. f7 Rd1+ 64. Rd4 Rxd4+ 65. Kxd4 Kxf4 66. f8=Q+  1-0

[Event "3rd 4NCL Easter Congress"]
[Site "Mercure Daventry Court Hotel"]
[Date "2023.04.08"]
[Round "3"]
[Board "16"]
[White "Miller, George I"]
[Black "White, Stuart A"]
[Result "1/2-1/2"]
[WhiteElo "1841"]
[BlackElo "2051"]
[PlyCount "38"]
[EventDate "2023.04.07"]
[EventRounds "7"]
[EventCountry "ENG"]

1. e4 c5 2. Nc3 a6 3. Nge2 b5 4. g3 Bb7 5. Bg2 Nc6 6. O-O g6 7. d4 cxd4 8. Nxd4 Bg7
9. Nxc6 Bxc6 10. Be3 e6 11. Bd4 f6 12. Re1 e5 13. Bc5 Ne7 14. Nd5 Nxd5 15. exd5 Bb7
16. a4 d6 17. Ba3 Qb6 18. axb5 axb5 19. Qg4 f5  1/2-1/2

[Event "3rd 4NCL Easter Congress"]
[Site "Mercure Daventry Court Hotel"]
[Date "2023.04.08"]
[Round "3"]
[Board "17"]
[White "Nawalaniec, Adam"]
[Black "Gordon, Sean"]
[Result "1/2-1/2"]
[WhiteElo "1812"]
[BlackElo "1753"]
[PlyCount "84"]
[EventDate "2023.04.07"]
[EventRounds "7"]
[EventCountry "ENG"]

1. e4 c5 2. Nf3 d6 3. d4 cxd4 4. Nxd4 Nf6 5. Nc3 Nc6 6. f3 e5 7. Nb3 Be6 8. Be3 d5
9. exd5 Nxd5 10. Nxd5 Qxd5 11. Qxd5 Bxd5 12. O-O-O O-O-O 13. Bb5 a6 14. Bxc6 Bxc6
15. Na5 Be7 16. Nxc6 bxc6 17. c4 h5 18. Bb6 Rd7 19. Rhe1 f6 20. Kc2 Rb7 21. c5 Rd7
22. Kc3 Rxd1 23. Rxd1 Bd8 24. Kb4 Bc7 25. Ka5 f5 26. Kxa6 Re8 27. Ka5 e4 28. fxe4
Rxe4 29. Bxc7 Kxc7 30. Rd2 g5 31. b4 Re5 32. a4 f4 33. Ka6 Re8 34. Ka7 Re4 35. Rb2
g4 36. a5 f3 37. gxf3 gxf3 38. Rf2 Rf4 39. Ka6 Rf8 40. Ka7 Rf4 41. Ka6 Rf8 42. Ka7
Rf4  1/2-1/2

[Event "3rd 4NCL Easter Congress"]
[Site "Mercure Daventry Court Hotel"]
[Date "2023.04.08"]
[Round "3"]
[Board "18"]
[White "Moss, Jack O"]
[Black "Zakarian, Dimitrios Levon"]
[Result "0-1"]
[WhiteElo "1814"]
[BlackElo "1977"]
[PlyCount "52"]
[EventDate "2023.04.07"]
[EventRounds "7"]
[EventCountry "ENG"]

1. d4 Nf6 2. Nf3 e6 3. g3 b6 4. Bg2 Bb7 5. O-O Be7 6. c4 O-O 7. Nc3 Ne4 8. Qc2 Nxc3
9. Qxc3 d6 10. Qd3 f5 11. Qe3 Qd7 12. b4 Bf6 13. Bb2 c5 14. Qb3 cxb4 15. Qxb4 Nc6
16. Qb3 Na5 17. Qb4 Rac8 18. Rac1 Rfd8 19. Ba3 Bxf3 20. Bxf3 Bxd4 21. Qb5 Nxc4 22.
Qxd7 Rxd7 23. Rfd1 Be5 24. e3 Rdc7 25. Bb4 a5 26. Be1 Nb2  0-1

[Event "3rd 4NCL Easter Congress"]
[Site "Mercure Daventry Court Hotel"]
[Date "2023.04.08"]
[Round "3"]
[Board "19"]
[White "Guha, Chirag"]
[Black "Mikalajunas, Kajus"]
[Result "0-1"]
[WhiteElo "1725"]
[BlackElo "1806"]
[PlyCount "52"]
[EventDate "2023.04.07"]
[EventRounds "7"]
[EventCountry "ENG"]

1. d4 Nf6 2. g3 d5 3. c4 c6 4. Nf3 e6 5. Bg2 Bd6 6. O-O O-O 7. Nc3 Nbd7 8. Nd2 Bc7
9. e4 dxc4 10. Nxc4 Nb6 11. Ne3 Qe7 12. Qe2 Rd8 13. Rd1 Bd7 14. b3 c5 15. d5 exd5
16. exd5 Be5 17. Bb2 Bd4 18. Re1 Re8 19. Qd2 Qe5 20. Ng4 Qf5 21. Nxf6+ Qxf6 22. Rxe8+
Rxe8 23. Re1 Qxf2+ 24. Qxf2 Rxe1+ 25. Bf1 Bh3 26. Qxd4 Rxf1#  0-1